| 000 | 00857nam0a22002651 4500 | ||
|---|---|---|---|
| 001 | rc\2927654 | ||
| 005 | 20250529225826.0 | ||
| 035 | _a(NLR Aleph) 007077345 | ||
| 090 |
_a6441456 _c6441456 |
||
| 100 | _a20080113d1934 |||y0rusy50 ca | ||
| 101 | 0 | _arus | |
| 102 | _aRU | ||
| 105 | _aa z ||||y | ||
| 200 | 1 |
_aРаботницы Японии _fА. Борисов |
|
| 210 |
_aМосква _cизд-во и тип. Профиздата _d1934 |
||
| 215 |
_a62, [2] с. _cил. _d15х11 см |
||
| 300 | _aОбл.: Н. Нестеров | ||
| 700 | 1 |
_7ca _8rus _aБорисов _bА. Я. _cкраевед _f1897-1968 _gАндрей Яковлевич _9201176 _3RU\NLR\AUTH\770201227 |
|
| 702 | 1 |
_aНестеров _bН. _4570 |
|
| 801 | 0 |
_aRU _bNLR _gpsbo |
|
| 801 | 1 |
_aRU _bELAR _2rusmarc |
|
| 852 |
_aNLR _j34-8/2942 |
||
| 942 | _cBOOK | ||
| 980 | _aNB | ||